000 00491nam a22001697a 4500
005 20251108173404.0
008 250721s2003 xx 000 0 ara d
020 _a900185104
082 1 4 _a220/قصه
245 1 0 _a365 قصة من الكتاب المقدس لكل الأعمار /
264 1 _aلبنان :
_bدار الكتاب المقدس،
_c2003.
300 _a416ص
650 1 7 _aالكتلب المقدس
650 1 7 _aالمسيحية
942 _2ddc
_cBK
999 _c102729
_d102729